Administración de unidades informativas : concepto e historia /

Contiene: El término y el concepto; Evolución histórica de la administración; Componentes estructurales de la administración; El proceso de recepción de la administración en las unidades informativas y en la documentación; El concepto de administración de unidades informativas.

Guardado en:
Detalles Bibliográficos
Autor principal: Díez Carrera, Carmen (autor)
Formato: Libro
Idioma:Español
Publicado: Gijón, España : Trea, 2002, c2002
Colección:(Biblioteconomía y Administración Cultural ; 69)
Temas:
Etiquetas: Agrega una etiqueta
Sin etiquetas, Sé el primero en etiquetar este registro!

MARC

LEADER 00000nam^a2200000^a^4500
001 000182779
005 20250521000000.0
009 20260310102017.554
020 |a 84-9704-065-1 
037 |a Acervo ITESO - Biblioteca 
041 |a ESP 
082 |a 025. 1  |b DIE 
100 |a Díez Carrera, Carmen  |e (autor) 
245 1 0 |a Administración de unidades informativas :  |b concepto e historia /  |c C. Díez Carrera. 
264 4 |a Gijón, España :  |b Trea,  |c 2002, c2002 
300 |a 179 p. 
336 |a texto  |b txt  |2 rdacontenido 
337 |a sin mediación  |b n  |2 rdamedio 
338 |a volumen  |b nc  |2 rdasoporte 
440 1 |a (Biblioteconomía y Administración Cultural ;  |v 69) 
520 |a Contiene: El término y el concepto; Evolución histórica de la administración; Componentes estructurales de la administración; El proceso de recepción de la administración en las unidades informativas y en la documentación; El concepto de administración de unidades informativas. 
649 |a XX 
650 |a Bibliotecas -  |x Administración 
650 |a Información -  |x Administración 
650 |a Planeación Administrativa 
650 |a Ciencias Administrativas 
650 |a Documentación 
650 |a Biblioteconomía 
910 |a Fondo General 
920 |a Impresos - Libros 
930 |a Obras de Referencia 
940 |a Biblioteconomía 
905 |a 102 
901 |a 0500123032  |b IT2  |c REF  |u 20250521 
902 |a https://opac.biblio.iteso.mx/vufind/Record/000182779